| 000 | 00849nam a2200253 a 4500 | ||
|---|---|---|---|
| 999 |
_c4271 _d4271 |
||
| 001 | 4271 | ||
| 003 | BD-JhCC | ||
| 005 | 20171126084332.0 | ||
| 008 | 171125s1994 bg a|||| |a|| 000 0 ben d | ||
| 020 | _a8123717237 | ||
| 035 | _a(BD-JhCC)4271 | ||
| 040 |
_aBD-JhCC _dBD-JhCC |
||
| 041 | _aben | ||
| 082 |
_a354.94005 _bRAW 1994 |
||
| 100 | _aরাও, কল্লুরি সুব্বা | ||
| 245 |
_aবার্ধক্য / _cকল্লুরি সুব্বা রাও; প্রসূন চৌধুরী (অনুবাদ) |
||
| 260 |
_aইন্ডিয়া : _bন্যাশনাল বুক ট্রাস্ট, _c1994. |
||
| 300 |
_a52 p. : _c21 cm. _billu; |
||
| 650 | _aCivil Service | ||
| 650 | _aOlder men | ||
| 700 | _aচৌধুরী, প্রসূন | ||
| 942 |
_2ddc _cBK |
||